Охраняемые природные территории: учебное пособие для вузов

Podrobná bibliografie
Hlavní autor: Иванов А. Н. Андрей Николаевич
Další autoři: Чижова В. П. Вера Павловна
Shrnutí:Серия "Университеты России" позволит высшим учебным заведениям нашей страны использовать в образовательном процессе учебники и учебные пособия по различным дисциплинам, подготовленные преподавателями лучших отечественных вузов и впервые опубликованные в издательствах университетов. Все представленные в этой серии учебники прошли экспертную оценку учебно-методического отдела издательства и публикуются в оригинальной редакции. В учебном пособии рассматриваются исторические аспекты особо охраняемых природных территорий (ООПТ), их современная классификация, приводятся примеры ООПТ в различных зарубежных странах. Описываются в соответствии с международной классификацией охраняемые природные территории России. Даются основы теории островной биогеографии. Сформулированы главные задачи ООПТ. Приводятся три имитационных игры по проектированию ООПТ, созданию экологических сетей для устойчивого развития и разработке проекта экологической тропы. Учебный материал четко систематизирован, написан в доступной для понимания форме. Текст насыщен примерами, облегчающими восприятие теоретических и методических положений.
Jazyk:ruština
Vydáno: Москва, Юрайт, 2019
Vydání:3-е изд., испр. и доп.
Edice:Университеты России
Témata:
Médium: MixedMaterials Kniha
KOHA link:https://koha.lib.tpu.ru/cgi-bin/koha/opac-detail.pl?biblionumber=333246

MARC

LEADER 00000nam0a2200000 4500
001 333246
005 20231102004533.0
010 |a 9785534074048 
035 |a (RuTPU)RU\TPU\book\359241 
090 |a 333246 
100 |a 20170608d2019 m y0rusy50 ca 
101 0 |a rus 
102 |a RU 
105 |a a j 001zy 
200 1 |a Охраняемые природные территории  |e учебное пособие для вузов  |f А. Н. Иванов, В. П. Чижова 
205 |a 3-е изд., испр. и доп. 
210 |a Москва  |c Юрайт  |d 2019 
215 |a 185 с.  |c ил. 
225 1 |a Университеты России 
320 |a Библиогр.: с. 177-184 
330 |a Серия "Университеты России" позволит высшим учебным заведениям нашей страны использовать в образовательном процессе учебники и учебные пособия по различным дисциплинам, подготовленные преподавателями лучших отечественных вузов и впервые опубликованные в издательствах университетов. Все представленные в этой серии учебники прошли экспертную оценку учебно-методического отдела издательства и публикуются в оригинальной редакции. В учебном пособии рассматриваются исторические аспекты особо охраняемых природных территорий (ООПТ), их современная классификация, приводятся примеры ООПТ в различных зарубежных странах. Описываются в соответствии с международной классификацией охраняемые природные территории России. Даются основы теории островной биогеографии. Сформулированы главные задачи ООПТ. Приводятся три имитационных игры по проектированию ООПТ, созданию экологических сетей для устойчивого развития и разработке проекта экологической тропы. Учебный материал четко систематизирован, написан в доступной для понимания форме. Текст насыщен примерами, облегчающими восприятие теоретических и методических положений. 
606 1 |a Охраняемые природные территории  |x Экология  |2 stltpush  |3 (RuTPU)RU\TPU\subj\38951  |9 59195 
610 1 |a учебные пособия 
610 1 |a история 
610 1 |a Россия 
610 1 |a островная биогеография 
610 1 |a ненарушенная природа 
610 1 |a биоразнообразие 
610 1 |a ландшафтно-экологическое равновесие 
610 1 |a экологическое образование 
610 1 |a практические занятия 
610 1 |a семинарские занятия 
610 1 |a имитационные игры 
610 1 |a экологическая тропа 
675 |a 502.4(075.8)  |v 4 
700 1 |a Иванов  |b А. Н.  |g Андрей Николаевич 
701 1 |a Чижова  |b В. П.  |g Вера Павловна 
801 1 |a RU  |b 63413507  |c 20170608 
801 2 |a RU  |b 63413507  |c 20190618  |g RCR 
942 |c BK 
959 |a 4/20170125  |d 1  |e 399,00  |f ЧЗТЛ:1